Počítače v telekomunikacích
Na minha lista:
| Autor principal: | |
|---|---|
| Formato: | Livro |
| Idioma: | tcheco |
| Publicado em: |
Brno :
Vysoké učení technické v Brně,
1984
|
| Edição: | 1. vyd. |
| Tags: |
Sem tags, seja o primeiro a adicionar uma tag!
|
MARC
| LEADER | 00000nam a22000003a 4500 | ||
|---|---|---|---|
| 001 | stu25830 | ||
| 005 | 20150617225743.7 | ||
| 008 | 980529s1984------------------------cze-d | ||
| 040 | |a STU |b slo | ||
| 041 | 0 | |a cze | |
| 100 | 1 | |a Sklenář, Jaroslav |4 aut | |
| 245 | 1 | |a Počítače v telekomunikacích | |
| 250 | |a 1. vyd. | ||
| 260 | |a Brno : |b Vysoké učení technické v Brně, |c 1984 | ||
| 300 | |a 203 s | ||
| 996 | |b 284ES17296 |c E*S-22040 |l EE01 |s A |a 24 |w stu25830_0001 | ||
| 996 | |b 284ES17298 |c E*S-22041 |l EE01 |s A |a 24 |w stu25830_0002 | ||
| 996 | |b 284ES17297 |c E*S-22039 |l EE01 |s A |a 24 |w stu25830_0003 | ||